Sports Quiz

Random Sports or State Quiz
Score 0/201 Timer 15:00
0 Plays Today
Statistic Player % Correct
GamesMike Schmidt
100%
HitsMike Schmidt
100%
DoublesMike Schmidt
100%
Home RunsMike Schmidt
100%
RBI'sMike Schmidt
100%
RunsMike Schmidt
100%
WalksMike Schmidt
100%
Slugging PercentageMike Schmidt
100%
Total BasesMike Schmidt
100%
Intentional WalksMike Schmidt
100%
GamesJimmy Rollins
96.4%
GamesRyan Howard
96.4%
GamesChase Utley
96.4%
HitsJimmy Rollins
96.4%
HitsChase Utley
96.4%
DoublesJimmy Rollins
96.4%
DoublesChase Utley
96.4%
DoublesRyan Howard
96.4%
TriplesJimmy Rollins
96.4%
Home RunsRyan Howard
96.4%
Home RunsChase Utley
96.4%
Home RunsJimmy Rollins
96.4%
RBI'sRyan Howard
96.4%
RBI'sChase Utley
96.4%
RBI'sJimmy Rollins
96.4%
RunsJimmy Rollins
96.4%
RunsChase Utley
96.4%
Stolen BasesJimmy Rollins
96.4%
WalksJimmy Rollins
96.4%
WalksRyan Howard
96.4%
WalksChase Utley
96.4%
Slugging PercentageRyan Howard
96.4%
Total BasesRyan Howard
96.4%
Total BasesJimmy Rollins
96.4%
Total BasesChase Utley
96.4%
Intentional WalksChase Utley
96.4%
Intentional WalksRyan Howard
96.4%
GamesRichie Ashburn
92.9%
HitsRichie Ashburn
92.9%
DoublesRichie Ashburn
92.9%
TriplesRichie Ashburn
92.9%
RunsRichie Ashburn
92.9%
WalksRichie Ashburn
92.9%
On-Base PercentageRichie Ashburn
92.9%
WinsSteve Carlton
92.9%
Total BasesRichie Ashburn
92.9%
WinsRobin Roberts
92.9%
StrikeoutsSteve Carlton
92.9%
StrikeoutsRobin Roberts
92.9%
Opponents AverageSteve Carlton
92.9%
Home RunsGreg Luzinski
89.3%
Home RunsDick Allen
89.3%
Slugging PercentageDick Allen
89.3%
Intentional WalksGreg Luzinski
89.3%
Intentional WalksDick Allen
89.3%
WinsCurt Schilling
85.7%
SavesJonathon Papelbon
85.7%
StrikeoutsCurt Schilling
85.7%
Opponents AverageCurt Schilling
85.7%
WHIPCurt Schilling
85.7%
GamesLarry Bowa
82.1%
HitsLarry Bowa
82.1%
HitsChuck Klein
82.1%
DoublesChuck Klein
82.1%
TriplesLarry Bowa
82.1%
Home RunsChuck Klein
82.1%
RBI'sChuck Klein
82.1%
Statistic Player % Correct
RunsChuck Klein
82.1%
Stolen BasesLarry Bowa
82.1%
Batting AverageChuck Klein
82.1%
Slugging PercentageChuck Klein
82.1%
Total BasesChuck Klein
82.1%
HitsCy Williams
78.6%
DoublesBobby Abreu
78.6%
Home RunsCy Williams
78.6%
RunsBobby Abreu
78.6%
Stolen BasesBobby Abreu
78.6%
WalksBobby Abreu
78.6%
On-Base PercentageBobby Abreu
78.6%
Slugging PercentageBobby Abreu
78.6%
Total BasesCy Williams
78.6%
Total BasesBobby Abreu
78.6%
WinsCole Hamels
78.6%
SavesMitch Williams
78.6%
StrikeoutsCole Hamels
78.6%
Opponents AverageCole Hamels
78.6%
WHIPCole Hamels
78.6%
WHIPRoy Halladay
78.6%
Intentional WalksBobby Abreu
78.6%
GamesEd Delahanty
75%
HitsEd Delahanty
75%
DoublesEd Delahanty
75%
TriplesEd Delahanty
75%
TriplesJohnny Callison
75%
Home RunsPat Burrell
75%
RBI'sEd Delahanty
75%
RBI'sPat Burrell
75%
RunsEd Delahanty
75%
Stolen BasesEd Delahanty
75%
WalksPat Burrell
75%
WalksEd Delahanty
75%
Batting AverageEd Delahanty
75%
On-Base PercentageEd Delahanty
75%
On-Base PercentageJohn Kruk
75%
Total BasesEd Delahanty
75%
WinsGrover Cleveland Alexander
75%
ERAGrover Cleveland Alexander
75%
SavesJose Mesa
75%
SavesBrad Lidge
75%
StrikeoutsJim Bunning
75%
StrikeoutsGrover Cleveland Alexander
75%
Opponents AverageJim Bunning
75%
Opponents AverageGrover Cleveland Alexander
75%
WHIPGrover Cleveland Alexander
75%
WHIPCliff Lee
75%
WHIPJim Bunning
75%
Intentional WalksCarlos Ruiz
75%
GamesDel Ennis
67.9%
HitsDel Ennis
67.9%
DoublesDel Ennis
67.9%
TriplesJuan Samuel
67.9%
TriplesDel Ennis
67.9%
Home RunsDel Ennis
67.9%
RBI'sDel Ennis
67.9%
RunsDel Ennis
67.9%
Stolen BasesJuan Samuel
67.9%
Total BasesDel Ennis
67.9%
Stolen BasesVon Hayes
64.3%
WalksWillie Jones
64.3%
WinsChris Short
64.3%
WinsCurt Simmons
64.3%
SavesTug McGraw
64.3%
StrikeoutsCurt Simmons
64.3%
StrikeoutsChris Short
64.3%
Statistic Player % Correct
Opponents AverageTug McGraw
64.3%
Intentional WalksVon Hayes
64.3%
Intentional WalksBob Boone
60.7%
GamesTony Taylor
57.1%
TriplesSam Thompson
57.1%
RunsSam Thompson
57.1%
Batting AverageSam Thompson
57.1%
Slugging PercentageJim Thome
57.1%
WinsJack Taylor
57.1%
SavesSteve Bedrosian
57.1%
Stolen BasesBilly Hamilton
53.6%
Batting AverageBilly Hamilton
53.6%
On-Base PercentageBilly Hamilton
53.6%
StrikeoutsBrett Myers
53.6%
SavesHector Neris
46.4%
Opponents AverageAaron Nola
46.4%
SavesRon Reed
42.9%
Opponents AverageRon Reed
42.9%
WHIPRon Reed
42.9%
GamesSherry Magee
35.7%
HitsSherry Magee
35.7%
DoublesSherry Magee
35.7%
TriplesSherry Magee
35.7%
TriplesGavvy Cravath
35.7%
RBI'sSherry Magee
35.7%
RunsSherry Magee
35.7%
Stolen BasesSherry Magee
35.7%
Batting AverageNap Lajoie
35.7%
Slugging PercentageNap Lajoie
35.7%
RunsRoy Thomas
32.1%
Stolen BasesRoy Thomas
32.1%
WalksRoy Thomas
32.1%
Batting AverageLefty O'Doul
32.1%
On-Base PercentageLefty O'Doul
32.1%
On-Base PercentageRoy Thomas
32.1%
Slugging PercentageLefty O'Doul
32.1%
SavesRicky Bottalico
32.1%
StrikeoutsRandy Wolf
32.1%
Slugging PercentageGeorge Harper
25%
ERAEppa Rixey
25%
RBI'sSam Crawford
17.9%
Batting AverageJim Eisenreich
17.9%
Batting AverageHarry Walker
14.3%
Batting AverageElmer Flick
14.3%
Batting AverageJohnny Moore
14.3%
On-Base PercentageElmer Flick
14.3%
On-Base PercentageHarry Walker
14.3%
On-Base PercentageDolph Camilli
14.3%
Slugging PercentageDolph Camilli
14.3%
WinsAl Orth
14.3%
WinsCharlie Ferguson
14.3%
ERAEarl Moore
14.3%
ERACharlie Ferguson
14.3%
Opponents AverageEarl Moore
14.3%
WHIPCharlie Ferguson
14.3%
Intentional WalksClay Dalrymple
14.3%
ERATully Sparks
10.7%
WHIPTully Sparks
10.7%
SavesTuck Farrell
7.1%
ERAGeorge McQuillan
3.6%
ERAFrank Corridon
3.6%
ERAErskine Mayer
3.6%
ERALew Moren
3.6%
ERACharlie Buffington
3.6%
Opponents AverageGeorge McQuillan
3.6%
WHIPGeorge McQuillan
3.6%
Stolen BasesJim Fogarty
0%
Remove Ads.
Support Sporcle.
Get the best of Sporcle when you Go Orange. This ad-free experience offers more features, more stats, and more fun while also helping to support Sporcle. Thank you for becoming a member.

You're not logged in!

Compare scores with friends on all Sporcle quizzes.
OR
Log In

Sporcle TV

Today on Sporcle TV


Watch our educational content, quiz creation guides, and fun videos on Sporcle TV.

Show Comments

Extras

Top Quizzes Today


Score Distribution

Paid Content

Your Account Isn't Verified!

In order to create a playlist on Sporcle, you need to verify the email address you used during registration. Go to your Sporcle Settings to finish the process.

Report this User

Report this user for behavior that violates our Community Guidelines.

Details: